000 00683nam a2200265Ia 4500
005 20260302114631.0
008 008 260114s9999 xx 000 0 eng d
020 _a9781472547279
037 _aTextbook
040 _aCRL
040 _beng
040 _cCRL
041 _2eng
041 _aeng
084 _qCRL
100 _aIain Hamilton Grant
_91119307
245 0 _aPhilosophies of Nature after Schelling
260 _bBloomsbury
260 _bBloomsbury Academic
260 _c2006
650 _aPhilosophy
856 _uhttps://dx.doi.org/10.5040/9781472547279?locatt=label:secondary_bloomsburyCollections
942 _cEBOOK
999 _c1683283
_d1683283